000 00827cab a22001935a 4500
001 L141883
008 080107e20071220xxkd f s 000 0 eng d
035 _a(Sirsi) u141883
041 0 _aeng
100 1 _aMenary, Steve
245 0 0 _aPearce takeover puts ISG in reach of annual top ten
260 _c2007
490 0 _aConstruction News
_v(7049) 20 December 2007, 14-15(2)
520 _aMonthly league compiled by Emap Glenigan showing Davis Langdon heading the quantity surveying table for the 12 months to November 2007. Savills were runners up, with Gardiner and Theobald in third place. Multiplex headed the contractor's league for November 2007, with Balfour Beatty in second place.
590 _aKA
651 4 _aUnited Kingdom
_y
690 _aBUILT ENVIRONMENT-QUANTITY SURVEYING-QUANTITY SURVEYORS
942 _n0
999 _c79641
_d79641